Strictly Come Dancing Professional Podiums Quiz Stats

 Plays Quiz not verified by Sporcle

Challenge
Share
Tweet
Embed
Score 0/25 Timer 03:00
1 Play Today
% Correct
Brendan Cole
95.4%
Aljaž Skorjanec
94.8%
Aliona Vilani
94.2%
Giovanni Pernice
90.2%
Flavia Cacace
89.3%
Kevin Clifton
89%
Artem Chigvintsev
86.9%
Erin Boag
86.3%
Joanne Clifton
86%
Camilla Dallerup
85.7%
Darren Bennett
85.4%
Ian Waite
84.8%
Karen Hardy
81.1%
% Correct
Ola Jordan
80.2%
Pasha Kovalev
79.3%
James Jordan
79%
Kristina Rihanoff
75%
Anton du Beke
74.7%
Natalie Lowe
73.2%
Oti Mabuse
73.2%
Vincent Simone
72.3%
Matthew Cutler
70.1%
Lilia Kopylova
69.2%
Brian Fortuna
63.1%
Hanna Karttunen
46.3%

You're not logged in!

Compare scores with friends on all Sporcle quizzes.
OR
Log In

You Might Also Like...

Show Comments

Extras

Top Quizzes Today


Score Distribution

Your Account Isn't Verified!

In order to create a playlist on Sporcle, you need to verify the email address you used during registration. Go to your Sporcle Settings to finish the process.

Report this User

Report this user for behavior that violates our Community Guidelines.

Details: